000 00615nam a2200205Ia 4500
003 GCL
008 140319s9999 xx 000 0 ara d
040 _aGCL /
_cGCL
082 0 4 _a823.03
_bس ر
100 1 _aسامى على الجمال (مترجم)
245 1 0 _aرجال من نمط جديد /
_cسامى على الجمال (مترجم)
700 1 _aسنوسى يوسف ابراهيم
700 1 _aسنو، ت. ب
300 _a146
490 _aالالف كتاب
_v0
650 0 4 _aالادب الانجليزى
650 0 4 _aالقصص
650 0 4 _aالادب الاندلسى
942 _2ddc
_cBK
999 _c43759
_d43759